Data and computer communications / (Record no. 186852)
[ view plain ]
| 000 -LEADER | |
|---|---|
| fixed length control field | 00708nam a2200217Ia 4500 |
| 005 - DATE AND TIME OF LATEST TRANSACTION | |
| control field | 20230213144917.0 |
| 008 - FIXED-LENGTH DATA ELEMENTS--GENERAL INFORMATION | |
| fixed length control field | 210716s2004 xx 000 0 und d |
| 020 ## - INTERNATIONAL STANDARD BOOK NUMBER | |
| International Standard Book Number | 9790130843707 |
| 040 ## - CATALOGING SOURCE | |
| Transcribing agency | AIMIT LIBRARY |
| 041 ## - LANGUAGE CODE | |
| Language code of text/sound track or separate title | eng |
| 082 ## - DEWEY DECIMAL CLASSIFICATION NUMBER | |
| Classification number | 004.65 |
| Edition number | 6 |
| Item number | STAW |
| 100 ## - MAIN ENTRY--PERSONAL NAME | |
| Personal name | Stallings, William. |
| 9 (RLIN) | 72167 |
| 245 ## - TITLE STATEMENT | |
| Title | Data and computer communications / |
| Statement of responsibility, etc. | By William Stallings |
| 250 ## - EDITION STATEMENT | |
| Edition statement | 6th ed. |
| 260 ## - PUBLICATION, DISTRIBUTION, ETC. | |
| Place of publication, distribution, etc. | New Delhi : |
| Name of publisher, distributor, etc. | PHI Learning Pvt Ltd , |
| Date of publication, distribution, etc. | 2004. |
| 300 ## - PHYSICAL DESCRIPTION | |
| Extent | xx,810p. ; |
| Dimensions | 24 cm. |
| 650 ## - SUBJECT ADDED ENTRY--TOPICAL TERM | |
| Topical term or geographic name entry element | Analog and digital data transmission |
| 9 (RLIN) | 72168 |
| 650 ## - SUBJECT ADDED ENTRY--TOPICAL TERM | |
| Topical term or geographic name entry element | Data communication interface |
| 9 (RLIN) | 72169 |
| 650 ## - SUBJECT ADDED ENTRY--TOPICAL TERM | |
| Topical term or geographic name entry element | Congestion control in data networks |
| 9 (RLIN) | 72170 |
| 942 ## - ADDED ENTRY ELEMENTS (KOHA) | |
| Source of classification or shelving scheme | Dewey Decimal Classification |
| Koha item type | Book |
| Edition | 6th |
| Call number prefix | 004.65 STAW |
| Withdrawn status | Lost status | Source of classification or shelving scheme | Damaged status | Not for loan | Collection code | Home library | Current library | Date acquired | Total Checkouts | Full call number | Barcode | Date last seen | Price effective from | Koha item type | Source of acquisition | Cost, normal purchase price | Inventory number | Cost, replacement price |
|---|---|---|---|---|---|---|---|---|---|---|---|---|---|---|---|---|---|---|
| Dewey Decimal Classification | MCA | St Aloysius Institute of Management & Information Technology | St Aloysius Institute of Management & Information Technology | 07/16/2021 | 004.65 STAW | MCA04301 | 07/21/2025 | 07/16/2021 | Book | |||||||||
| Dewey Decimal Classification | MCA | St Aloysius Institute of Management & Information Technology | St Aloysius Institute of Management & Information Technology | 004.65 STAW | MCA05701 | 07/21/2025 | 07/16/2021 | Book | Info Book Distributors | 295.00 | Bill no:4185; Bill dt:2003-01-28 | 236.00 | ||||||
| Dewey Decimal Classification | MCA | St Aloysius Institute of Management & Information Technology | St Aloysius Institute of Management & Information Technology | 004.65 STAW | MCA06360 | 07/21/2025 | 07/16/2021 | Book |